LEADER 01052nam a2200253 4500 001 000000365567 003 CaOOAMICUS 005 20251203155753.0 008 251203s1990 it a 000 u mul r 040 $aSeMil$bita 245 00$aGuida culturale e turistica /$cComunità montana Valceresio. 246 01$aKultureller Fremdenführer für Touristen 264 1$a[S.l. :$bs.n.],$c1990. 300 $a104 p. :$bill. ;$c21 cm 546 $aTesti in italiano e tedesco 650 4$aValceresio - Comunità montana - Guide.$0(OLS)http://semarc/subject/58985 710 2 $aComunità Montana Valceresio.$0(OLS)http://semarc/name/123388 850 $aSeMil 852 $aSeMil$W1$xVenegono$y1$m4Y III 198$j265105$B256392$CSeMilBibl$Z2$F256392 $81 961 $aCaspani Maurizio - Lascito 996 $6245$aGuida culturale e turistica$9(OLS)http://semarc/title/457182 996 $6246$aKultureller Fremdenführer für Touristen$9(OLS)http://semarc/title/457184 996 $6264$a[S.l. :$bs.n.]$9(OLS)http://semarc/publisher/29751 LEADER 01094nam a2200241 i 4500 001 000000065916 003 CaOOAMICUS 005 20080919000000.0 008 080919s1931 gw u000 u ger u 013 $a37088 040 $aSeMil$bita 100 1 $aHermann, Eduard <1869-1950>.$0(OLS)http://semarc/name/33114 245 10$aLautgesetz und Analogie /$cvon Eduard Hermann. 260 $aBerlin :$bWeidmann,$c1931. 300 $aVII, 204 p. ;$c25 cm. 490 0 $aAbhandlungen der Gesellschaft der Wissenschaften zu Göttingen. Philologisch-historische Klasse. Neue Folge ;$v23.3 650 4$aLingua tedesca.$0(OLS)http://semarc/subject/10473 830 0$aAbhandlungen der Gesellschaft der Wissenschaften zu Göttingen. Philologisch-historische Klasse. Neue Folge ;$v23.3.$0(OLS)http://semarc/title/26376 850 $aSeMil 852 $aSeMil$W1$xVenegono$y1$m1Z V 207$j32069$B32069$CSeMilBibl$Z2$F32072 $81 961 $aOmaggio: Donazione 996 $6245$aLautgesetz und Analogie$9(OLS)http://semarc/title/104715 996 $6260$aBerlin :$bWeidmann$9(OLS)http://semarc/publisher/33168